00454nam a2200133 a 450000100100000000500170001000800410002704000250006810000180009324501010011126000440021230000440025670000200030000003404020200930070726.0110921s1975 dr 000 0 spa d aDO-SdBNPbspacBNPHU1 aAlverti, Luis10aMúsica y orquestas bailables dominicanas 1910-1959 /cLuis Alverti ; prólogo Caro Álvarez. aSanto Domingo :bEditora Taller,c1975. a157 p. :bil., retrs., mús. ;c23 cm.1 aÁlvarez, Caro